000 00789nam a22002177a 4500
999 _c1079
_d1079
003 AR-CdUCM
008 190226b ||||| |||| 00| 0 spa d
040 _aMUNICIPALIDAD PROVINCIAL DEL CUSCO
_cBIBLIOTECA MUNICIPAL DEL CUSCO
082 _a869.56 /
_bC38
100 _aCavero, José Salvador
_94208
245 _a"Apuntes de Huamanga" :
_b"Helme"
_bdrama bilingüe en cinco actos /
260 _aAyacucho-Perú :
_bMoralo,
_c1989.
300 _a164 páginas ;
_bilustraciones, retratos ;
_c21 cm.
505 _aContenido: Incluye artículos y poesías en homenaje al pueblo de Huamanga.
650 _aTeatro peruano
_92697
650 _aTeatro siglo XX
_92960
650 _a Huamanga en la literatura
_94209
650 _a Ensayos peruanos
_94210
942 _2ddc
_cLIBROS
945 _azta